| 000 | 01136cam a2200313 i 4500 | ||
|---|---|---|---|
| 003 | SA-RiAUC | ||
| 005 | 20250925082947.0 | ||
| 008 | 250920s2008____ua g b 000 0 ara c | ||
| 024 | 0 | _a00000000807817 | |
| 035 | _au23383 | ||
| 040 |
_aSA-RiAUC _bara _cSA-RiAUC _dAE-DuMBRL _erda |
||
| 043 | _aa-su--- | ||
| 050 | 4 | _bK38 2008 | |
| 082 | 0 | 4 |
_a217.2 _qSA-RiAUC |
| 090 |
_a217.2 _bك ا ت |
||
| 100 | 1 |
_aالكاتب، أحمد، _d1953- _eمؤلف. |
|
| 245 | 1 | 2 |
_aالفكر السياسي الوهابي : _bقراءة تحليلية / _cأحمد الكاتب. |
| 250 | _aالطبعة الثالثة. | ||
| 264 | 1 |
_aالقاهرة : _bمكتبة مدبولي، _c2008 |
|
| 300 |
_a256 صفحة ؛ _c24 سم |
||
| 336 |
_aنص _btxt _2rdacontent _3كتاب |
||
| 337 |
_aبدون وسيط _bn _2rdamedia |
||
| 338 |
_aمجلد _bnc _2rdacarrier |
||
| 504 | _aببليوجرافية : صفحة 250-253. | ||
| 650 | 7 |
_aالوهابية _zالسعودية _xتاريخ _2aucsh |
|
| 650 | 7 |
_aالدعوة الإسلامية _zالسعودية _2aucsh |
|
| 942 |
_2ddc _cBOOK _n0 |
||
| 949 |
_aSA-JeALM _d250920 _umohamedma123 _n1 |
||
| 999 |
_c12102 _d12102 |
||